000 006580000a22002050004500
001 2121
090 _a2121
100 _a20010803d1944 k y0pory5003 ba
101 1 _apor
_cger
102 _aPT
200 1 _aVinte e quatro horas da vida de uma mulher
_fStefan Zweig
_gtrad. Alice Ogando
205 _a6ª ed
210 _aPorto
_cCivilizaçao
_d1944
215 _a177 p
304 _aTít. orig. : Vierundzwanzig Studen aus dem Leben einer Frau
675 _a821.112.2(436)-31
_vBN
_zpor
700 1 _aZweig
_bStefan
_f1881-1942
702 1 _934372
_4730
_aOgando
_bAlice
942 _cMON
_n0
999 _a2121
_bBibliobase - BMTAV
_c2019-01-21